[Event "17. Int. Boeblinger Open"]
[Site "Boeblingen"]
[Date "2000.12.30"]
[Round "8"]
[White "Davari-Azar, Abbas"]
[Black "Michalczak, Thomas"]
[Result "0-1"]
[WhiteElo "2003"]
[BlackElo "2282"]
[PlyCount "54"]
[EventDate "2000.12.26"]

1. d4 Nf6 2. Nf3 g6 3. c4 Bg7 4. Nc3 O-O 5. e4 d6 6. Be2 e5 7. d5 a5 8. Bg5 h6
9. Bh4 Na6 10. Nd2 h5 11. Bg5 Qe8 12. f3 Nc5 13. b3 Bd7 14. a3 Nh7 15. Be3 h4
16. Nb5 h3 17. Nxc7 hxg2 18. Rg1 Qd8 19. Nxa8 Qh4+ 20. Bf2 Qxh2 21. Nb6 Bf6 22.
Nxd7 Qxg1+ 23. Nf1 Qh1 24. Nxf6+ Nxf6 25. Qb1 Nfxe4 26. fxe4 Nxe4 27. Qxe4
gxf1=Q+ 0-1

[Event "17. Int. Boeblinger Open"]
[Site "Boeblingen"]
[Date "2000.12.30"]
[Round "8"]
[White "Doettling, Fabian"]
[Black "Werner, Clemens"]
[Result "1/2-1/2"]
[WhiteElo "2475"]
[BlackElo "2347"]
[PlyCount "87"]
[EventDate "2000.12.26"]

1. d4 Nf6 2. c4 e6 3. Nf3 d5 4. Bg5 Nbd7 5. e3 Be7 6. Nc3 O-O 7. Qc2 c5 8. cxd5
Nxd5 9. Bxe7 Qxe7 10. Nxd5 exd5 11. Bd3 h6 12. dxc5 Nxc5 13. Rc1 Nxd3+ 14. Qxd3
Be6 15. O-O Rfc8 16. Nd4 Qb4 17. Qb5 Qe7 18. Rfd1 a6 19. Qb6 Qd7 20. Nb3 Qb5
21. Rxc8+ Rxc8 22. Qxb5 axb5 23. a3 b4 24. axb4 Rc4 25. Nd4 Rxb4 26. b3 Kf8 27.
Kf1 Ke7 28. Ra1 Rb6 29. Ke2 g5 30. Kd3 Bd7 31. Ra7 h5 32. g3 h4 33. Ra5 hxg3
34. hxg3 Kd6 35. Ra8 Ke7 36. Ra5 Kd6 37. Ke2 g4 38. Kd3 Bc8 39. Kc3 Bd7 40. Kd2
Bc8 41. Kc3 Ke5 42. Kd3 Kd6 43. Nb5+ Ke5 44. Nd4 1/2-1/2

[Event "17. Int. Boeblinger Open"]
[Site "Boeblingen"]
[Date "2000.12.30"]
[Round "8"]
[White "Dunsbach, Ralf"]
[Black "Schmidt, Olaf"]
[Result "1-0"]
[WhiteElo "2330"]
[BlackElo "2124"]
[PlyCount "59"]
[EventDate "2000.12.26"]

1. Nf3 g6 2. g3 Bg7 3. Bg2 e5 4. d3 d5 5. O-O Ne7 6. c4 d4 7. Nbd2 a5 8. Rb1
O-O 9. a3 a4 10. b4 axb3 11. Nxb3 Ra7 12. a4 b6 13. a5 Nd7 14. axb6 Nxb6 15.
Bd2 e4 16. dxe4 Nxc4 17. Bb4 Nd6 18. Nfxd4 Bb7 19. Nc5 Ba8 20. e3 Nec8 21. Qe2
Qe8 22. Rfc1 Kh8 23. Qd3 f5 24. exf5 Bxg2 25. Kxg2 Ne7 26. Nce6 Qa8+ 27. Kg1
Ne4 28. Bxe7 Ra2 29. Rc2 Rxc2 30. Qxc2 1-0

[Event "17. Int. Boeblinger Open"]
[Site "Boeblingen"]
[Date "2000.12.30"]
[Round "8"]
[White "Duppel, Matthias"]
[Black "Atalik, Suat"]
[Result "0-1"]
[WhiteElo "2390"]
[BlackElo "2552"]
[PlyCount "129"]
[EventDate "2000.12.26"]

1. Nf3 Nf6 2. c4 g6 3. Nc3 Bg7 4. e4 d6 5. d4 O-O 6. Be2 e5 7. O-O c6 8. Be3
exd4 9. Bxd4 Re8 10. Qc2 Nbd7 11. Rad1 Qc7 12. h3 a6 13. Be3 b5 14. a3 Bb7 15.
Bf4 Bf8 16. Rfe1 Rac8 17. Bf1 Ne5 18. Nd2 Nfd7 19. Rc1 Nb6 20. cxb5 cxb5 21.
Qb1 Qd7 22. Rcd1 Bg7 23. Be3 Nec4 24. Nxc4 Nxc4 25. Bd4 Nxa3 26. bxa3 Bxd4 27.
Rxd4 Rxc3 28. Qb4 Rc6 29. Red1 Qc7 30. f3 Qb6 31. Kh1 Rd8 32. e5 d5 33. f4 Qc7
34. Kh2 Rc5 35. R1d2 Bc8 36. Be2 Be6 37. Bf3 Rc4 38. Qb2 Rxd4 39. Rxd4 Qc5 40.
Qb4 Qxb4 41. axb4 Rc8 42. Be2 Rc2 43. Bf1 h5 44. Kg3 h4+ 45. Kf3 Rc3+ 46. Kf2
Kf8 47. Be2 Ke7 48. Bf3 Rc4 49. Ke3 Kd7 50. Bxd5 Rxd4 51. Kxd4 Bxd5 52. Kxd5
Kc7 53. Kc5 Kb7 54. Kd6 a5 55. Ke7 axb4 56. Kxf7 b3 57. e6 b2 58. e7 b1=Q 59.
e8=Q Qf5+ 60. Kg7 Kb6 61. Qb8+ Kc5 62. Qe5+ Kc4 63. Qe2+ Kc5 64. Qe5+ Kc6 65.
Qc3+ {die weiteren Zuege unklar} 0-1

[Event "17. Int. Boeblinger Open"]
[Site "Boeblingen"]
[Date "2000.12.30"]
[Round "8"]
[White "Fahnenschmidt, Gerhard"]
[Black "Brodbeck, Stefan"]
[Result "1-0"]
[WhiteElo "2262"]
[BlackElo "2150"]
[PlyCount "91"]
[EventDate "2000.12.26"]

1. c4 Nf6 2. Nc3 g6 3. e4 d6 4. d4 Bg7 5. Be2 O-O 6. Nf3 e5 7. Be3 Ng4 8. Bg5
f6 9. Bh4 Nc6 10. d5 Ne7 11. Nd2 Nh6 12. f3 g5 13. Bf2 f5 14. h4 Ng6 15. hxg5
Qxg5 16. g3 c5 17. Qc2 a6 18. O-O-O Bd7 19. exf5 Nxf5 20. Nce4 Qe7 21. Rh5 h6
22. Bd3 Nd4 23. Bxd4 exd4 24. Nxc5 Nf4 25. gxf4 dxc5 26. Rg1 Kh8 27. Ne4 Bf5
28. Qg2 Bxe4 29. Bxe4 Rf6 30. Qg5 Qf8 31. Rgh1 b5 32. Bg6 Ra7 33. Rxh6+ Kg8 34.
Bh7+ Kf7 35. Qh5+ Ke7 36. Re1+ Kd8 37. Rxf6 Bxf6 38. Re6 Re7 39. Rxa6 Qg7 40.
Ra8+ Kc7 41. d6+ Kb6 42. Rb8+ Ka7 43. Rg8 Qxh7 44. Qxc5+ Kb7 45. Qd5+ Ka7 46.
Ra8+ 1-0

[Event "17. Int. Boeblinger Open"]
[Site "Boeblingen"]
[Date "2000.12.30"]
[Round "8"]
[White "Florea, Dan"]
[Black "Ortmann, David"]
[Result "1-0"]
[WhiteElo "2298"]
[BlackElo "2198"]
[PlyCount "89"]
[EventDate "2000.12.26"]

1. d4 Nf6 2. c4 e6 3. Nc3 Bb4 4. Qc2 O-O 5. Nf3 b6 6. e4 d5 7. cxd5 exd5 8. e5
Ne4 9. Bd3 Bb7 10. O-O Bxc3 11. bxc3 h6 12. Re1 c5 13. dxc5 Nxc5 14. Bf5 Re8
15. Bf4 Nbd7 16. Rad1 Qe7 17. Nd4 Nf8 18. Re3 Nfe6 19. Bxe6 fxe6 20. Qg6 Qf7
21. Qg4 Kh7 22. Nb5 Rf8 23. Bg3 Qg6 24. Qxg6+ Kxg6 25. Bh4 Bc6 26. Nd6 Nb7 27.
Be7 Rg8 28. Rg3+ Kh7 29. Nf7 Be8 30. Nd6 Nxd6 31. exd6 Rc8 32. Kf1 g6 33. Ke2
Rg7 34. Rf3 Bb5+ 35. Kd2 Kg8 36. Re1 Bd7 37. Rf6 Rf7 38. Rxg6+ Kh7 39. Rexe6
Bxe6 40. Rxe6 Rg8 41. d7 Rxf2+ 42. Re2 Rf4 43. d8=Q Rxd8 44. Bxd8 d4 45. c4 1-0

[Event "17. Int. Boeblinger Open"]
[Site "Boeblingen"]
[Date "2000.12.30"]
[Round "8"]
[White "Gheng, Josef"]
[Black "Rastert, Ralf"]
[Result "1-0"]
[WhiteElo "2321"]
[BlackElo "1823"]
[PlyCount "93"]
[EventDate "2000.12.26"]

1. e4 Nf6 2. e5 Nd5 3. c4 Nb6 4. c5 Nd5 5. Nc3 e6 6. Qf3 Bxc5 7. Nxd5 exd5 8.
Qxd5 d6 9. Nf3 O-O 10. Bd3 dxe5 11. Bxh7+ Kxh7 12. Qxc5 Nc6 13. O-O Qd6 14.
Qc2+ Kg8 15. b3 Bg4 16. Ng5 Qh6 17. d3 Nd4 18. Qxc7 Ne2+ 19. Kh1 Nxc1 20. Qxc1
Rac8 21. Qe3 f6 22. Ne4 Qxe3 23. fxe3 Be2 24. Rfc1 Bxd3 25. Nd6 Rxc1+ 26. Rxc1
b6 27. Kg1 Rd8 28. Rc8 Rxc8 29. Nxc8 Bb1 30. a3 Bc2 31. b4 Kf7 32. Nxa7 Ke6 33.
Nc8 b5 34. Na7 Bd3 35. Nc6 Kd5 36. Na5 Ke4 37. Kf2 f5 38. Nb7 Kd5 39. Ke1 Kc4
40. Kd2 Bf1 41. Nd6+ Kb3 42. Nxf5 Bxg2 43. Nxg7 Kxa3 44. Kc3 Bh3 45. Ne8 Ka2
46. Nd6 Kb1 47. Nxb5 1-0

[Event "17. Int. Boeblinger Open"]
[Site "Boeblingen"]
[Date "2000.12.30"]
[Round "8"]
[White "Gross, Stefan"]
[Black "Klovans, Janis"]
[Result "1-0"]
[WhiteElo "2372"]
[BlackElo "2466"]
[PlyCount "109"]
[EventDate "2000.12.26"]

1. d4 Nf6 2. c4 e6 3. Nc3 d5 4. Bg5 Be7 5. e3 h6 6. Bh4 O-O 7. cxd5 Nxd5 8.
Bxe7 Qxe7 9. Nxd5 exd5 10. Bd3 c5 11. Ne2 Nc6 12. dxc5 d4 13. e4 Qxc5 14. O-O
Qb6 15. Qd2 Be6 16. Nf4 Ne5 17. Rfd1 Rfd8 18. Qe2 Rac8 19. Nxe6 fxe6 20. Rd2
Rc5 21. f4 Nxd3 22. Rxd3 Rdc8 23. Rad1 Rc2 24. Qg4 Rxb2 25. h3 Rc3 26. Kh2 Rxd3
27. Rxd3 Qd6 28. e5 Qd7 29. Qd1 Qd5 30. Rg3 Rf2 31. Qh5 Rxf4 32. Qxh6 Rf7 33.
Qc1 Qxe5 34. Qc8+ Kh7 35. Qe8 Rf6 36. Qe7 Rg6 37. Qh4+ Rh6 38. Qe7 d3 39. Qd8
Qf5 40. Rxd3 Qf4+ 41. Kh1 Rf6 42. Rd1 Qe4 43. Qa5 Rg6 44. Qd2 Rg3 45. Kh2 Re3
46. Qa5 Qf4+ 47. Kg1 a6 48. Rf1 Qe5 49. Qa4 Re4 50. Qc2 Qd4+ 51. Kh1 Qc4 52.
Qb1 Kh6 53. Rc1 Qd5 54. Rd1 Qc6 55. Qd3 {Zeit} 1-0

[Event "17. Int. Boeblinger Open"]
[Site "Boeblingen"]
[Date "2000.12.30"]
[Round "8"]
[White "Hauke, Christian"]
[Black "Kekelidze, Mikheil"]
[Result "0-1"]
[WhiteElo "2262"]
[BlackElo "2512"]
[PlyCount "59"]
[EventDate "2000.12.26"]

1. d4 c5 2. d5 e5 3. e4 d6 4. Nc3 Nf6 5. Nf3 Be7 6. Bb5+ Nbd7 7. a4 O-O 8. O-O
Ne8 9. Bd3 g6 10. Bh6 Ng7 11. Qd2 Nf6 12. h3 Kh8 13. Nh2 Ng8 14. Be3 f5 15. f4
exf4 16. Bxf4 g5 17. Bg3 f4 18. Bf2 Nh6 19. Rae1 Nf7 20. Nb5 Ne5 21. b4 b6 22.
a5 a6 23. Na3 b5 24. Be2 c4 25. Bd4 Bf6 26. c3 Qe8 27. Bg4 h5 28. Bxc8 Rxc8 29.
Nc2 Qg6 30. Kh1 0-1

[Event "17. Int. Boeblinger Open"]
[Site "Boeblingen"]
[Date "2000.12.30"]
[Round "8"]
[White "Hoffmann, Hans"]
[Black "Schmittdiel, Eckhard"]
[Result "0-1"]
[WhiteElo "2233"]
[BlackElo "2498"]
[PlyCount "66"]
[EventDate "2000.12.26"]

1. c4 c5 2. Nf3 g6 3. Nc3 Bg7 4. g3 a6 5. Bg2 Nc6 6. O-O d6 7. d3 Rb8 8. a4 Nf6
9. e3 O-O 10. Qe2 h6 11. Rd1 Qc7 12. Nd5 Nxd5 13. cxd5 Nb4 14. e4 e6 15. dxe6
Bxe6 16. Ra3 Nc6 17. Qc2 Qb6 18. h3 Rbc8 19. b3 Qb4 20. Bb2 Nd4 21. Nxd4 cxd4
22. Qd2 a5 23. Raa1 Bxb3 24. Qxb4 axb4 25. Rdc1 b6 26. Bf3 Rxc1+ 27. Rxc1 Ra8
28. e5 Rd8 29. Bxd4 dxe5 30. Bxb6 Rxd3 31. Rc8+ Kh7 32. Bc6 Be6 33. Rc7 b3 0-1

[Event "17. Int. Boeblinger Open"]
[Site "Boeblingen"]
[Date "2000.12.30"]
[Round "8"]
[White "Jobava, Baadur"]
[Black "Schlecht, Daniel"]
[Result "1/2-1/2"]
[WhiteElo "2503"]
[BlackElo "2348"]
[PlyCount "46"]
[EventDate "2000.12.26"]

1. d4 d5 2. c4 c6 3. Nf3 Nf6 4. Nc3 e6 5. Bg5 dxc4 6. e4 b5 7. e5 h6 8. Bh4 g5
9. Nxg5 hxg5 10. Bxg5 Nbd7 11. exf6 Bb7 12. g3 c5 13. d5 Qb6 14. Bg2 O-O-O 15.
O-O b4 16. Rb1 Qa6 17. dxe6 Bxg2 18. e7 Bb7 19. Re1 bxc3 20. e8=Q Qc6 21. Qe4
Qxe4 22. Rxe4 Bxe4 23. bxc3 Bxb1 1/2-1/2

[Event "17. Int. Boeblinger Open"]
[Site "Boeblingen"]
[Date "2000.12.30"]
[Round "8"]
[White "Kercher, Peter"]
[Black "Heinrich, Thomas"]
[Result "1/2-1/2"]
[WhiteElo "2169"]
[BlackElo "2265"]
[PlyCount "44"]
[EventDate "2000.12.26"]

1. e4 Nf6 2. e5 Nd5 3. d4 d6 4. Nf3 Bg4 5. Be2 e6 6. O-O Be7 7. c4 Nb6 8. exd6
cxd6 9. Nc3 O-O 10. b3 Bf6 11. Be3 d5 12. c5 Nc8 13. Qd2 Ne7 14. b4 Nbc6 15. b5
Na5 16. Bg5 Bxg5 17. Qxg5 Bxf3 18. Bxf3 Nf5 19. Qxd8 Rfxd8 20. Rfd1 Rac8 21.
Bg4 Nh6 22. Bh3 g5 1/2-1/2

[Event "17. Int. Boeblinger Open"]
[Site "Boeblingen"]
[Date "2000.12.30"]
[Round "8"]
[White "Kleinschroth, Roland"]
[Black "Becking, Stephan"]
[Result "0-1"]
[WhiteElo "2188"]
[BlackElo "2275"]
[PlyCount "63"]
[EventDate "2000.12.26"]

1. e4 e6 2. d4 d5 3. Nc3 Bb4 4. Bd2 Ne7 5. Qg4 Ng6 6. e5 c5 7. a3 Bxc3 8. bxc3
Nc6 9. Nf3 c4 10. h4 h5 11. Qh3 f6 12. g4 fxe5 13. gxh5 Nge7 14. dxe5 Qc7 15.
Qg3 Bd7 16. Qxg7 O-O-O 17. h6 Rdg8 18. Rg1 Rxg7 19. hxg7 Rg8 20. h5 Nxe5 21.
Nh4 Nf7 22. O-O-O Qh2 23. Ng6 Nxg6 24. Rxg6 Qxh5 25. Rg3 Qh7 26. Bg2 Rxg7 27.
Rh1 Qg8 28. Rhh3 Ng5 29. Rh2 Nf7 30. Rhh3 Rxg3 31. fxg3 e5 32. Rh1 0-1

[Event "17. Int. Boeblinger Open"]
[Site "Boeblingen"]
[Date "2000.12.30"]
[Round "8"]
[White "Ladinzon, Igor"]
[Black "Dietrich, Ralf"]
[Result "0-1"]
[WhiteElo "2116"]
[BlackElo "2265"]
[PlyCount "114"]
[EventDate "2000.12.26"]

1. e4 c6 2. d4 d5 3. exd5 cxd5 4. c3 Nc6 5. h3 Bf5 6. Nf3 e6 7. Bf4 Bd6 8. Bxd6
Qxd6 9. Bd3 Bxd3 10. Qxd3 Nf6 11. Nbd2 O-O 12. O-O Rab8 13. Rfe1 Rfc8 14. Ne5
Na5 15. f4 b5 16. b4 Nc4 17. Ndxc4 bxc4 18. Qf3 Ne4 19. Re3 Rc7 20. Ng4 f5 21.
Nf2 a5 22. a3 Ra7 23. Nxe4 fxe4 24. Qf1 Rf8 25. g3 g5 26. Qg2 gxf4 27. gxf4+
Kh8 28. Kh1 Rg7 29. Rg3 Rxg3 30. Qxg3 Qxf4 31. Qxf4 Rxf4 32. Kg2 Rf7 33. b5 a4
34. Rb1 Rb7 35. Kg3 Kg7 36. Kf4 Kf6 37. Rb4 Rb8 38. Rb2 Ke7 39. h4 Kd6 40. Rb4
Rf8+ 41. Ke3 Ra8 42. Kf4 Kd7 43. b6 Rf8+ 44. Ke3 Kc6 45. b7 Rb8 46. Rxa4 Rxb7
47. Ra6+ Rb6 48. Ra7 Rb3 49. Kd2 h5 50. Rh7 Rxa3 51. Rxh5 Ra2+ 52. Kc1 Rh2 53.
Re5 Kd6 54. h5 Ke7 55. Kd1 Kf6 56. Kc1 Rf2 57. h6 Rh2 0-1

[Event "17. Int. Boeblinger Open"]
[Site "Boeblingen"]
[Date "2000.12.30"]
[Round "8"]
[White "Lindemann, Stefan"]
[Black "Luther, Thomas"]
[Result "0-1"]
[WhiteElo "2348"]
[BlackElo "2538"]
[PlyCount "122"]
[EventDate "2000.12.26"]

1. d4 e6 2. e4 d5 3. Nd2 c5 4. exd5 Qxd5 5. Ngf3 cxd4 6. Bc4 Qd6 7. O-O Nf6 8.
Nb3 Nc6 9. Nbxd4 Nxd4 10. Qxd4 Bd7 11. Bf4 Qxd4 12. Nxd4 Rc8 13. Bb3 Bc5 14.
Rad1 O-O 15. h3 Rfd8 16. c3 Kf8 17. Be3 h6 18. Nc2 Ne4 19. Bd4 Bxd4 20. Rxd4
Nc5 21. Rfd1 Nxb3 22. axb3 Ke7 23. f4 Bc6 24. Kf2 Rxd4 25. Nxd4 Bd7 26. Re1 Kf6
27. Nf3 Be8 28. h4 Rc5 29. g4 Ra5 30. Nd4 g5 31. fxg5+ hxg5 32. h5 Ra2 33. Re2
Kg7 34. Kg3 Ra1 35. Nf3 Kh6 36. Re5 Bc6 37. Re2 Bxf3 38. Kxf3 Rf1+ 39. Kg3 Rg1+
40. Kf3 a5 41. Re5 Rf1+ 42. Kg3 Rg1+ 43. Kf3 b6 44. Rb5 f5 45. Rxb6 Rxg4 46.
Rxe6+ Kxh5 47. Re8 Rf4+ 48. Kg3 Rf1 49. Rh8+ Kg6 50. Rg8+ Kf6 51. Rf8+ Ke5 52.
Re8+ Kd5 53. Ra8 Ke4 54. Re8+ Kd3 55. Re5 g4 56. Rxa5 Ke4 57. Ra8 Rg1+ 58. Kf2
Rb1 59. Ra4+ Ke5 60. Ke3 f4+ 61. Kd3 g3 0-1

[Event "17. Int. Boeblinger Open"]
[Site "Boeblingen"]
[Date "2000.12.30"]
[Round "8"]
[White "Meijers, Viesturs"]
[Black "Werner, Isabel"]
[Result "1/2-1/2"]
[WhiteElo "2464"]
[BlackElo "2259"]
[PlyCount "115"]
[EventDate "2000.12.26"]

1. e4 c6 2. d4 d5 3. exd5 cxd5 4. c4 Nf6 5. Nc3 e6 6. Nf3 Bb4 7. Bd3 dxc4 8.
Bxc4 O-O 9. O-O a6 10. Qd3 b5 11. Bb3 Nbd7 12. Bc2 Bb7 13. Re1 Rc8 14. a3 Bxc3
15. bxc3 Qc7 16. Bd2 Rfd8 17. h3 Nc5 18. Qe2 Nce4 19. Rec1 Bd5 20. Ne5 Nxd2 21.
Qxd2 Be4 22. Qe3 Bxc2 23. Rxc2 Nd5 24. Qf3 Nb6 25. h4 f6 26. Nd3 Rxd4 27. cxd4
Qxc2 28. Rc1 Qb3 29. Rxc8+ Nxc8 30. Qc6 Nd6 31. Qxd6 Qxd3 32. Qxe6+ Kf8 33.
Qd6+ Kf7 34. d5 Qd1+ 35. Kh2 Qg4 36. Qc7+ Ke8 37. d6 Qd7 38. Qc5 a5 39. f4 g6
40. Kg3 h5 41. Kf2 b4 42. axb4 axb4 43. Qxb4 Qa7+ 44. Kf3 Kd7 45. Qc3 Ke6 46.
Qc8+ Kxd6 47. Qd8+ Ke6 48. Qe8+ Qe7 49. f5+ gxf5 50. Qxh5 Qa3+ 51. Kf2 Qc5+ 52.
Kg3 f4+ 53. Kg4 Qxh5+ 54. Kxh5 Kf5 55. Kh6 Kg4 56. Kg6 Kxh4 57. Kxf6 Kg3 58.
Kf5 1/2-1/2

[Event "17. Int. Boeblinger Open"]
[Site "Boeblingen"]
[Date "2000.12.30"]
[Round "8"]
[White "Namyslo, Holger"]
[Black "Probst, Alexander"]
[Result "1-0"]
[WhiteElo "2328"]
[BlackElo "2141"]
[PlyCount "101"]
[EventDate "2000.12.26"]

1. e4 c6 2. d4 d5 3. exd5 cxd5 4. c4 Nf6 5. Nc3 e6 6. Nf3 Be7 7. cxd5 Nxd5 8.
Bd3 Nc6 9. O-O O-O 10. Re1 b6 11. Nxd5 exd5 12. Bxh7+ Kxh7 13. Qc2+ Kg8 14.
Qxc6 Bf5 15. Bf4 Rc8 16. Qb7 Bb4 17. Rec1 Qd7 18. Qxd7 Bxd7 19. Rxc8 Rxc8 20.
Rc1 Rxc1+ 21. Bxc1 Bd6 22. g3 f6 23. Nd2 g5 24. Nf1 Kf7 25. f4 Kg6 26. fxg5
fxg5 27. Ne3 Be6 28. Kf2 g4 29. Ng2 Kf5 30. Bf4 Be7 31. Ke3 Bg5 32. Bxg5 Kxg5
33. Nf4 Bf7 34. Nd3 Kf5 35. Nb4 Be6 36. Nc6 a6 37. Nb4 a5 38. Nd3 Bd7 39. Nf2
Ba4 40. b3 Bb5 41. a4 Bd7 42. Nd1 Be8 43. Nc3 Bc6 44. Kd3 Bb7 45. Kc2 Ke6 46.
Kb2 Ba6 47. Kc2 Bb7 48. Nd1 Kf5 49. Nf2 Ba6 50. b4 Bc4 51. bxa5 1-0

[Event "17. Int. Boeblinger Open"]
[Site "Boeblingen"]
[Date "2000.12.30"]
[Round "8"]
[White "Niklasch, Oliver"]
[Black "Stiller, Juergen"]
[Result "1-0"]
[WhiteElo "2363"]
[BlackElo "2169"]
[PlyCount "68"]
[EventDate "2000.12.26"]

1. d4 Nf6 2. c4 g6 3. g3 Bg7 4. Bg2 d6 5. Nf3 O-O 6. O-O Nc6 7. Nc3 a6 8. Nd5
Ne4 9. Be3 e6 10. Nf4 e5 11. dxe5 dxe5 12. Qxd8 Rxd8 13. Nd5 Rd7 14. Rfd1 f5
15. Rac1 Rf7 16. b4 Be6 17. a3 Rd8 18. Kf1 h6 19. Nd2 Nxd2+ 20. Rxd2 Rfd7 21.
Rcd1 Kf7 22. Ke1 g5 23. Nxc7 Rxd2 24. Bxd2 Bxc4 25. Rc1 Rc8 26. Rxc4 Rxc7 27.
a4 Re7 28. Bd5+ Kf6 29. Bc3 Nd4 30. f4 Kg6 31. fxe5 Nc2+ 32. Kf2 Bxe5 33. Bxe5
Rxe5 34. Bxb7 Ne3 1-0

[Event "17. Int. Boeblinger Open"]
[Site "Boeblingen"]
[Date "2000.12.30"]
[Round "8"]
[White "Rudolph, Peter"]
[Black "Schmidt-Schaeffer, Sebastian"]
[Result "0-1"]
[WhiteElo "2195"]
[BlackElo "2314"]
[PlyCount "94"]
[EventDate "2000.12.26"]

1. Nf3 f5 2. b3 d6 3. d4 Nf6 4. Bb2 g6 5. e3 Bg7 6. Nbd2 O-O 7. c4 Qe8 8. Rc1
h6 9. Bd3 Nc6 10. Qe2 e5 11. d5 Nb4 12. Bb1 c5 13. dxc6 bxc6 14. a3 Na6 15. b4
c5 16. b5 Nc7 17. Nb3 e4 18. Nfd2 a6 19. a4 axb5 20. axb5 Ng4 21. Bxg7 Kxg7 22.
b6 Na6 23. Na5 Rb8 24. b7 Bd7 25. Ndb3 Ba4 26. Qd2 Bxb3 27. Qc3+ Ne5 28. Qxb3
Nb4 29. O-O Nbc6 30. Qc3 Nxa5 31. Qxa5 Rxb7 32. Rfd1 Qc6 33. Rd2 Rb4 34. Qa1
Ra8 35. Qc3 Rxc4 36. Qxe5+ dxe5 37. Rxc4 Qb5 38. Rc1 Ra1 39. Rdd1 c4 40. h3 c3
41. Rxc3 Rxb1 42. Rcc1 Rxc1 43. Rxc1 f4 44. Re1 Kf6 45. Kh2 Kf5 46. g3 fxg3+
47. fxg3 Qb2+ 0-1

[Event "17. Int. Boeblinger Open"]
[Site "Boeblingen"]
[Date "2000.12.30"]
[Round "8"]
[White "Tabatt, Hendrik"]
[Black "Koehler, Ronald"]
[Result "0-1"]
[WhiteElo "2120"]
[BlackElo "2255"]
[PlyCount "115"]
[EventDate "2000.12.26"]

1. d4 Nf6 2. g3 c5 3. d5 e6 4. Nc3 exd5 5. Nxd5 Nxd5 6. Qxd5 Nc6 7. c3 d6 8.
Nh3 Be6 9. Qd1 d5 10. Nf4 Qd7 11. Bg2 Rd8 12. O-O Be7 13. Nxe6 fxe6 14. Qb3 O-O
15. e4 Kh8 16. exd5 exd5 17. Bf4 Bf6 18. Rad1 d4 19. Qa3 b6 20. Qa4 Ne7 21.
Qxd7 Rxd7 22. Bh3 Rdd8 23. Bc7 Rde8 24. c4 g6 25. Bd7 Ra8 26. g4 g5 27. Bd6 Rf7
28. Rfe1 Rd8 29. Be6 Rg7 30. Bc7 Re8 31. Bg3 Ng6 32. Bf5 Rge7 33. Kf1 Be5 34.
b3 Kg7 35. Bxg6 Kxg6 36. Rd3 h6 37. a3 Re6 38. b4 a6 39. Re2 R8e7 40. Re1 h5
41. gxh5+ Kxh5 42. Bxe5 Rxe5 43. Rxe5 Rxe5 44. bxc5 bxc5 45. Rb3 Kg4 46. Rb6
Kf3 47. Rf6+ Ke4 48. Ke2 d3+ 49. Kd2 Kd4 50. Rd6+ Kxc4 51. Rxd3 a5 52. Rf3 Rd5+
53. Kc2 Rd4 54. Rg3 Rf4 55. f3 a4 56. h3 Rf5 57. Rg4+ Kb5 58. Rg3 0-1

[Event "17. Int. Boeblinger Open"]
[Site "Boeblingen"]
[Date "2000.12.30"]
[Round "8"]
[White "Vehreschild, Axel"]
[Black "Hellmayr, Alois"]
[Result "0-1"]
[WhiteElo "2122"]
[BlackElo "2263"]
[PlyCount "66"]
[EventDate "2000.12.26"]

1. c4 b6 2. Nc3 c5 3. Nf3 Bb7 4. e4 d6 5. d4 cxd4 6. Nxd4 Nf6 7. Bd3 Nbd7 8.
Bc2 a6 9. b3 e6 10. O-O Qc7 11. Bb2 g6 12. Re1 Be7 13. Qd2 O-O 14. Rad1 Rac8
15. Bb1 Qb8 16. f3 Rfe8 17. Kh1 Bf8 18. Nc2 h5 19. Qg5 b5 20. cxb5 Rc5 21. Qf4
axb5 22. b4 Rc4 23. Nxb5 e5 24. Qd2 d5 25. Nba3 Rcc8 26. exd5 Bxd5 27. Bc3 h4
28. Ne3 Bh6 29. Qd3 Bb7 30. h3 e4 31. Qd4 exf3 32. Nac4 Qg3 33. Qd6 Bf4 0-1

[Event "17. Int. Boeblinger Open"]
[Site "Boeblingen"]
[Date "2000.12.30"]
[Round "8"]
[White "Wegerer, Fred"]
[Black "Buchele, Sidonia"]
[Result "1-0"]
[WhiteElo "2198"]
[BlackElo "1904"]
[PlyCount "67"]
[EventDate "2000.12.26"]

1. Nf3 Nf6 2. d4 e6 3. Nbd2 d5 4. e3 Be7 5. Bd3 O-O 6. O-O Nbd7 7. Qe2 c5 8. c3
c4 9. Bc2 b5 10. e4 dxe4 11. Nxe4 Bb7 12. Ng3 Nd5 13. Bd2 N7f6 14. Ne5 a5 15.
Rae1 Rc8 16. f4 Re8 17. Ne4 Nxe4 18. Bxe4 f5 19. Bc2 Rf8 20. Rf3 Nf6 21. Rh3
Qe8 22. Be3 Ne4 23. Bf2 Rf6 24. Qe3 Bd6 25. Bd1 Bxe5 26. fxe5 Rg6 27. Bf3 Qd7
28. Bh4 Rf8 29. Qf4 Rg4 30. Bxg4 fxg4 31. Qxg4 Qd5 32. Re2 b4 33. Rhe3 bxc3 34.
bxc3 1-0

[Event "17. Int. Boeblinger Open"]
[Site "Boeblingen"]
[Date "2000.12.30"]
[Round "8"]
[White "Wornath, Kai Rudolf"]
[Black "Schaefer, Michael"]
[Result "1-0"]
[WhiteElo "2391"]
[BlackElo "2221"]
[PlyCount "93"]
[EventDate "2000.12.26"]

1. d4 Nf6 2. g3 g6 3. Bg2 Bg7 4. Nf3 O-O 5. O-O d5 6. c4 dxc4 7. Na3 Nc6 8.
Nxc4 Be6 9. b3 a5 10. a4 Bd5 11. Bb2 Qc8 12. Nfe5 Bxg2 13. Kxg2 Qe6 14. Nxc6
Qxc6+ 15. Kg1 Rfd8 16. Rc1 Qe6 17. Qe1 Rd5 18. f3 Ne8 19. Qf2 Rad8 20. e3 Qa6
21. f4 f5 22. Ba3 Kf8 23. Ne5 Qe6 24. Qf3 c6 25. g4 Nf6 26. gxf5 Qxf5 27. Rce1
Ne4 28. Re2 Ke8 29. Nc4 R5d7 30. Nd2 Nxd2 31. Rxd2 Qd5 32. Qxd5 Rxd5 33. Rc2 e6
34. Rf3 Kd7 35. Rh3 Rh8 36. Kg2 Bf6 37. e4 Rxd4 38. Bb2 c5 39. e5 Bd8 40. Bxd4
cxd4 41. Kf3 g5 42. Rd2 gxf4 43. Rxd4+ Ke7 44. Rxf4 Bc7 45. Ke4 h5 46. Rfh4 Rg8
47. Rg3 1-0

[Event "17. Int. Boeblinger Open"]
[Site "Boeblingen"]
[Date "2000.12.30"]
[Round "8"]
[White "Zeller, Frank"]
[Black "Delemarre, Jop"]
[Result "0-1"]
[WhiteElo "2434"]
[BlackElo "2347"]
[PlyCount "76"]
[EventDate "2000.12.26"]

1. c4 e5 2. e3 Nf6 3. Nc3 Bb4 4. Nge2 O-O 5. a3 Be7 6. Ng3 Re8 7. Be2 c6 8. d4
exd4 9. exd4 d5 10. O-O Be6 11. c5 Qc8 12. Bd3 g6 13. Bg5 Nh5 14. Bxe7 Nxg3 15.
fxg3 Rxe7 16. Qf3 Nd7 17. g4 Qf8 18. Qf4 Qg7 19. g5 Rf8 20. Kh1 f6 21. gxf6
Rxf6 22. Qh4 g5 23. Qg3 Rxf1+ 24. Rxf1 Qxd4 25. Qxg5+ Qg7 26. Qh4 Nxc5 27. Bb1
Nd7 28. Ne2 Rf7 29. Nf4 Nf8 30. h3 Bf5 31. Nh5 Bxb1 32. Rxb1 Ng6 33. Qd8+ Qf8
34. Qg5 Qe7 35. Qh6 Qe4 36. Rc1 Qe5 37. b4 Rf5 38. g4 Rf2 0-1